| 000 | 00558nam a2200169Ia 4500 | ||
|---|---|---|---|
| 005 | 20250923144956.0 | ||
| 008 | 008 250917s9999 xx 000 0 eng d | ||
| 037 | _aTextual | ||
| 040 |
_aDSWL _beng _cDSWL |
||
| 041 |
_aeng _2eng |
||
| 084 |
_aY31:7:7.2, N63 _qDSWL |
||
| 245 | 0 |
_aGlide to rural youth organization based pilot project _cby Planning Research Action Institute |
|
| 260 |
_aUP _bPlanning Research Action Institute Planning Dept. _c1963 |
||
| 300 | _a92 p. | ||
| 942 |
_cTEXL _hY31:7:7.2, N63 |
||
| 999 |
_c1445591 _d1445591 |
||